000 00683nam a2200277Ia 4500
005 20260324140438.0
008 008 260324s9999 xx 000 0 eng d
020 _a9780203184226
037 _aEBOOK
040 _aCRL
040 _beng
040 _cCRL
041 _2eng
041 _aeng
084 _qCRL
100 _aDieter Ernst; Tom Ganiatsos; Lynn Mytelka
_91204419
245 0 _aTechnological Capabilities and Export Success in Asia
260 _bTaylor and Francis
260 _c1998
365 _a
365 _b240
856 _uhttp://www.taylorfrancis.com/books/9780203184226
942 _cEBOOK
999 _c1806521
_d1806521